Mead General Building Ltd v Dartmoor Properties Ltd (Record no. 81320)
[ view plain ]
| 000 -LEADER | |
|---|---|
| fixed length control field | 01688cad a22001935a 4500 |
| 001 - CONTROL NUMBER | |
| control field | L146900 |
| 008 - FIXED-LENGTH DATA ELEMENTS--GENERAL INFORMATION | |
| fixed length control field | 090309e20090204xxk f v 000 0 eng d |
| 035 ## - SYSTEM CONTROL NUMBER | |
| System control number | (Sirsi) u146900 |
| 041 0# - LANGUAGE CODE | |
| Language code of text/sound track or separate title | eng |
| 245 04 - TITLE STATEMENT | |
| Title | Mead General Building Ltd v Dartmoor Properties Ltd |
| Medium | [electronic resource] |
| 260 ## - PUBLICATION, DISTRIBUTION, ETC. | |
| Date of publication, distribution, etc. | 2009 |
| 520 ## - SUMMARY, ETC. | |
| Summary, etc. | [2009] EWHC 200 (TCC) , 04 February 2009. The case considers whether to grant a stay of execution on adjudication enforcement proceedings when the claimant is subject to a Company Voluntary Arrangement (CVA). Dartmoor Properties Ltd (D) contracted with Mead General Building Ltd (M) to carry out a development scheme. A dispute arose between M and D and the matter was brought to adjudication. The adjudicator ordered D to pay M a certain amount, which D refused to do. M sought to enforce the adjudicator's decision. D contested on the grounds that, because M was subject to a CVA, any judgment should be granted a stay of execution. "Held": the fact that M is subject to a CVA is a relevant factor to the Court to decide whether or not to grant a stay of execution of the judgment. M's financial difficulties were due to D's non payment of the sums awarded by the adjudicator. On this basis, the court refused to order a stay of execution. |
| 590 ## - LOCAL NOTE (RLIN) | |
| Local note | KA |
| 650 24 - SUBJECT ADDED ENTRY--TOPICAL TERM | |
| Topical term or geographic name entry element | MEAD GENERAL BUILDING LTD V DARTMOOR PROPERTIES LTD |
| 651 #4 - SUBJECT ADDED ENTRY--GEOGRAPHIC NAME | |
| Geographic name | England and Wales |
| Chronological subdivision | 1543- |
| 690 ## - LOCAL SUBJECT ADDED ENTRY--TOPICAL TERM (OCLC, RLIN) | |
| Topical term or geographic name as entry element | MANAGEMENT-DISPUTE AVOIDANCE, MANAGEMENT AND RESOLUTION-DISPUTE MANAGEMENT AND RESOLUTION-ALTERNATIVE DISPUTE RESOLUTION-ADJUDICATION-ADJUDICATION AWARDS |
| 856 40 - ELECTRONIC LOCATION AND ACCESS | |
| Uniform Resource Identifier | <a href="https://www.bailii.org/ew/cases/EWHC/TCC/2009/200.html">https://www.bailii.org/ew/cases/EWHC/TCC/2009/200.html</a> |
| Public note | View the case free of charge at www.bailli.org... |
| 942 ## - ADDED ENTRY ELEMENTS (KOHA) | |
| Suppress in OPAC | 0 |
| Withdrawn status | Lost status | Source of classification or shelving scheme | Damaged status | Not for loan | Home library | Current library | Shelving location | Date acquired | Total Checkouts | Full call number | Barcode | Date last seen | Copy number | Price effective from | Koha item type |
|---|---|---|---|---|---|---|---|---|---|---|---|---|---|---|---|
| Dewey Decimal Classification | Virtual | Virtual | Online | 09/03/2009 | ONLINE JUDGMENT | 146900-2001 | 06/08/2019 | 1 | 06/08/2019 | Law report |